Media Writer's Handbook: A Guide to Common Writing and Editing Problems (Record no. 1020)
[ view plain ]
| 005 - DATE AND TIME OF LATEST TRANSACTION | |
|---|---|
| control field | 20250319163758.0 |
| 020 ## - INTERNATIONAL STANDARD BOOK NUMBER | |
| International Standard Book Number | 978-0-07-352606-5 |
| 082 ## - DEWEY DECIMAL CLASSIFICATION NUMBER | |
| Classification number | 808.027 ARN |
| 100 ## - MAIN ENTRY--PERSONAL NAME | |
| Author name | ARNOLD, G. T. |
| 245 ## - TITLE STATEMENT | |
| Title | Media Writer's Handbook: A Guide to Common Writing and Editing Problems |
| 250 ## - EDITION STATEMENT | |
| Edition statement | 4th Ed. |
| 260 ## - PUBLICATION, DISTRIBUTION, ETC. | |
| Place of publication, distribution, etc. | Boston |
| Name of publisher, distributor, etc. | McGraw-Hill |
| Date of publication, distribution, etc. | 2007 |
| 300 ## - PHYSICAL DESCRIPTION | |
| Extent | xvii, 341p. |
| Other physical details | Index, references |
| Dimensions | 23cm. |
| 942 ## - ADDED ENTRY ELEMENTS (KOHA) | |
| Source of classification or shelving scheme | Dewey Decimal Classification |
| Koha item type | Books |
| Date last seen | Total checkouts | Full call number | Barcode | Cost, replacement price | Price effective from | Koha item type | Lost status | Source of classification or shelving scheme | Damaged status | Not for loan | Withdrawn status | Home library | Current library | Shelving location | Date acquired | Cost, normal purchase price |
|---|---|---|---|---|---|---|---|---|---|---|---|---|---|---|---|---|
| 03/19/2025 | 808.027 ARN | 0000003977 | 60000.00 | 03/19/2025 | Books | Dewey Decimal Classification | College of Business Education Main Library | College of Business Education Main Library | General Collection | 03/19/2025 | 20000.00 | |||||
| 03/19/2025 | 808.027 ARN | 0000003978 | 60000.00 | 03/19/2025 | Books | Dewey Decimal Classification | College of Business Education Main Library | College of Business Education Main Library | General Collection | 03/19/2025 | 20000.00 | |||||
| 03/19/2025 | 808.027 ARN | 0000003979 | 60000.00 | 03/19/2025 | Books | Dewey Decimal Classification | College of Business Education Main Library | College of Business Education Main Library | General Collection | 03/19/2025 | 20000.00 | |||||
| 03/19/2025 | 808.027 ARN | 0000003980 | 60000.00 | 03/19/2025 | Books | Dewey Decimal Classification | College of Business Education Main Library | College of Business Education Main Library | General Collection | 03/19/2025 | 20000.00 | |||||
| 03/20/2025 | 808.027 ARN | 0000003981 | 90000.00 | 03/20/2025 | Books | Dewey Decimal Classification | College of Business Education Main Library | College of Business Education Main Library | General Collection | 03/20/2025 | 30000.00 | |||||
| 03/20/2025 | 808.027 ARN | 0000003982 | 90000.00 | 03/20/2025 | Books | Dewey Decimal Classification | College of Business Education Main Library | College of Business Education Main Library | General Collection | 03/20/2025 | 30000.00 | |||||
| 03/20/2025 | 808.027 ARN | 0000003983 | 90000.00 | 03/20/2025 | Books | Dewey Decimal Classification | College of Business Education Main Library | College of Business Education Main Library | General Collection | 03/20/2025 | 30000.00 |
